| 000 | 01174nam a2200313 i 4500 | ||
|---|---|---|---|
| 001 | 70361 | ||
| 003 | Mx-PuUPA | ||
| 005 | 20230802141015.0 | ||
| 008 | 230802s2022 nju |||fr|||| 00| 0 eng d | ||
| 020 |
_a9781118339497 _qempastado |
||
| 040 |
_aMx-PuUPA _bspa _cMx-PuUPA _dMx-PuUPA _erda |
||
| 041 | 0 | _aeng | |
| 100 | 1 |
_aMarshall, Douglas M., _d1947- _914554 _eautor |
|
| 245 | 1 | 0 |
_aUAS integration into civil airspace : _bpolicy, regulations and strategy / _cDouglas M. Marshall |
| 250 | _aFirst published | ||
| 264 | 1 |
_aHoboken, NJ : _bJohn Wiley & Sons, _c©2022 |
|
| 300 |
_axxv, 181 páginas ; _c26 cm |
||
| 336 |
_2rdacontent _atexto _btxt |
||
| 337 |
_2rdamedia _asin medio _bn |
||
| 338 |
_2rdacarrier _avolumen _bnc |
||
| 490 | 0 | _aAerospace Series | |
| 650 | 7 |
_2armarc _aAeronáutica _vLegislación |
|
| 650 | 7 |
_2armarc _aAeronáutica _xMedidas de seguridad _xPolítica gubernamental |
|
| 650 | 7 |
_2armarc _aEspacio aéreo (Derecho internacional) |
|
| 942 |
_2ddc _cLI _h343.0975 _iM298 |
||
| 999 |
_c70361 _d70361 |
||